00604 2200217 4500001002100000005001500021035002000036007000300056008004100059020002200100082001000122100001600132245006600148260004000214300002900254084001600283520003900299990001600338990001600354990001600370INLIS00000000000118620221219091120 a0010-1222000372ta221219 b 1 ind  a978-602-252-821-0 a741.50 aWatiek Ideo1 aKetika Papa Kehilangan Pekerjaan / Watiek Ideo /cWatiek Ideo aJakarta :bErlangga For Kids,c2016 a32 Halaman ;c20 x 20 cm a741.5 WAT k aAda yang aneh dengan papa hari ini a00000002545 a00000002554 a00000002555